000 00711nam a22002297a 4500
003 UA-OsUOA
001 90715
007 ta
008 20121119b un ||||| |||| 00| 0 ukr d
090 _a821.161.2
_bН30
942 _cBK
040 _aUA-OsUOA
_bukr
_cUA-OsUOA
_dUA-OsUOA
245 _aНарод про релігію
_cУпоряд. Іоаніді А. Л.
300 _a207 с.
955 _a3
041 _aukr
080 _a821.161.2
260 _aК.
_bПорлітвидав України
_c1980
246 3 1 _aУкраїнська народна антирелігійна творчість
_n
650 7 _a82 Література. Літературознавство
_2UDC
999 _c376992
_d376992